| 000 | 00781nam a2200229 i 4500 | ||
|---|---|---|---|
| 999 |
_c29587 _d29587 |
||
| 003 | BJBSDDR | ||
| 005 | 20230410103957.0 | ||
| 007 | ta | ||
| 008 | 130219s2004 sp ab g 000 0 spa d | ||
| 020 | _a8472329402 | ||
| 040 |
_bspa _cBJBSDDR |
||
| 041 | 0 | _aspa | |
| 050 | 1 | 4 |
_aNA 9053 _bC397 2004 |
| 245 | 0 | 3 |
_aEl Centro histórico de La Habana Vieja : _bun futuro para el pasado / _cCoordinación Ramón Gutiérrez, arquitecto CONICET (Argentina). |
| 260 |
_a[Madrid] : _bDirección General de Relaciones Culturales y Científicas, _c2004. |
||
| 300 |
_a63 p. : _bill., map. |
||
| 651 | 4 |
_aLa Habana _923694 _xObras ilustradas. |
|
| 651 | 4 |
_aLa Habana (Cuba) _923695 _xConstrucciones, estructuras, etc. |
|
| 700 | 1 |
_aGutiérrez, Ramón _915979 |
|
| 942 |
_2lcc _cBK |
||
| 946 | _aPP | ||